000 00583nam a2200193Ia 4500
005 20250923145246.0
008 008 250917s9999 xx 000 0 eng d
037 _aTextual
040 _aDSWL
_beng
_cDSWL
041 _aeng
_2eng
084 _aYX,Z1-z4;6-J.56, N64
_qDSWL
245 4 _aThe needs of young children
_cby Her Majestys Stationary Office
260 _aLondon
_bHer Majestys Stationary Office
_c1964
300 _avii,28p.
365 _aINR
_b2 .3
925 _g2 .3
942 _cTEXL
_hYX,Z1-z4;6-J.56, N64
999 _c1449085
_d1449085